Los filósofos griegos de Tales a Aristóteles

Guardat en:
Dades bibliogràfiques
Autor principal: Guthrie, William K. C (Autor)
Format: Llibre
Idioma:espanyol
Publicat: Ciudad de México Fondo de Cultura Económica 1953
Col·lecció:Breviarios del Fondo de Cultura Económica. Los filósofos griegos, 88
Matèries:
Etiquetes: Afegir etiqueta
Sense etiquetes, Sigues el primer a etiquetar aquest registre!

MARC

LEADER 00000nam a2200000 a 4500
001 UCY5738
003 CL-VaPUC
008 950512e19530000MX |||||||||||||||||spa|d
082 0 4 |a 182  |b GUT  |2 21 
100 |a Guthrie, William K. C  |e author  |9 579049 
245 1 4 |a Los filósofos griegos de Tales a Aristóteles 
300 |a 161 p 
942 |c BK 
945 |d 19950512 00:00:00  |a cmena 
260 |a Ciudad de México  |b Fondo de Cultura Económica  |c 1953 
600 0 7 |a PLATON  |2 CL-VaPUC  |9 222 
600 0 |a Aristóteles,  |d 384 a.C.- 322 a.C.  |9 194 
650 0 |a Filosofía   |9 223554 
650 0 |a Humanismo  |9 256530 
650 0 |a Pensamiento  |9 307612 
650 0 |a Ética  |9 255099 
651 0 |a Grecia  |9 265314 
583 |a last modification  |c 20150407 04:00:32  |k Rodrigo Vera 
490 0 |a Breviarios del Fondo de Cultura Económica. Los filósofos griegos, 88 
999 |c 233360  |d 233358 
952 |0 0  |1 0  |4 0  |6 182_000000000000000_GUT_1953  |7 0  |8 P  |9 238829  |a BIBEDU  |b BIBEDU  |c BIBEDU_PB  |d 2019-11-18  |i 1502409  |l 7  |o 182 GUT 1953  |p 1502409  |r 2025-03-17  |s 2025-03-10  |w 2019-11-18  |y BK  |k EDU